| 000 | 00383 a2200157 4500 | ||
|---|---|---|---|
| 001 | 75493 | ||
| 020 | _a9788502205642 | ||
| 040 | _cAnchieta - Colégio São Paulo | ||
| 100 | _aCosta, Márcio da | ||
| 240 | 1 | 0 |
_aO escandaloso teatro das virtudes _lpor |
| 245 | 1 | 0 | _aO escandaloso teatro das virtudes |
| 300 | _a72 | ||
| 362 | 0 | _a2013 | |
| 650 | 4 | _aLiteratura juvenil | |
| 942 | _cBK | ||
| 999 |
_c75493 _d75493 |
||